TOP zákazníci a starostlivosť o nich v podmienkach Slovenskej pošty, a.s.

Príspevok je zameraný na prístup Slovenskej pošty, a. s., k TOP zákazníkom, ktorí sú dôležití najmä z hľadiska aktívneho vytvárania väčšiny výnosov spoločnosti. Tento prístup sa odráža hlavne v starostlivosti o týchto zákazníkov, ktorý sa rieši v rámci zavedeného informačno-marketingového systému IO...

Ausführliche Beschreibung

Gespeichert in:
Bibliographische Detailangaben
1. Verfasser: Paďourová, Anna
Format: Buchkapitel
Sprache:Slowakisch
Schlagworte:
Tags: Tag hinzufügen
Keine Tags, Fügen Sie das erste Tag hinzu!

MARC

LEADER 00000nla a2200000 4500
001 0151682
005 20230113121314.9
041 0 |a slo 
044 |a SK 
245 1 0 |a TOP zákazníci a starostlivosť o nich v podmienkach Slovenskej pošty, a.s.  |c Anna Paďourová 
520 |a Príspevok je zameraný na prístup Slovenskej pošty, a. s., k TOP zákazníkom, ktorí sú dôležití najmä z hľadiska aktívneho vytvárania väčšiny výnosov spoločnosti. Tento prístup sa odráža hlavne v starostlivosti o týchto zákazníkov, ktorý sa rieši v rámci zavedeného informačno-marketingového systému IOMS. 
610 2 0 |a pošty 
610 2 0 |a zákazníci 
610 2 0 |a starostlivosť o zákazníkov 
100 1 |a Paďourová, Anna